000 00476nam a22001815i 4500
001 48542
003 ES-MaACL
005 20230906161754.0
007 t|
008 950725s1861 fr ||||1| fre d
080 _a7:32(100)"18"
100 1 _aDerome, L.
_943788
245 1 2 _aL'art et la démocratie /
_cpar L. Derome.
260 _aParis :
_bE. Dentu,
_c1861.
300 _a31 p. ;
_c23 cm.
650 4 _aArte y polĂ­tica-
_yS.XIX.
_9157266
852 4 _aES-MaACL
_jT-78-F-9
999 _c48542
_d48542